[Event "Copenhagen Chess Challenge 2018"]
[Site "Ballerup"]
[Date "2018.04.28"]
[Round "7"]
[White "Kvaloy, Aksel Bu"]
[Black "Jorgensen, Olav Erstad"]
[Result "1-0"]
[WhiteElo "1958"]
[BlackElo "1636"]
[EventDate "2018.04.25"]
[EventRounds "9"]
[EventCountry "Danmark"]
[WhiteFideId "1528815"]
[BlackFideId "1457063"]

1. e4 c5 2. Nf3 d6 3. d4 cxd4 4. Nxd4 Nf6 5. Nc3 a6 6. h3 e5 7. Nde2 b5 8. Bg5 Nbd7 9. g4 Be7 10. Bg2 Bb7 11. Be3 O-O 12. Ng3 Rc8 13. O-O Qc7 14. g5 Ne8 15. Nf5 Qd8 16. h4 f6 17. Nd5 Bxd5 18. Qxd5+ Rf7 19. Bh3 Nc7 20. Nxe7+ Qxe7 21. Qc6 Nb8 22. Qc3 Rd8 23. Rad1 d5 24. Bc5 Qe8 25. Bb6 Qe7 26. Bxc7 Qxc7 27. Be6  1-0

[Event "Copenhagen Chess Challenge 2018"]
[Site "Ballerup"]
[Date "2018.04.28"]
[Round "7"]
[White "Andersen, Daniel"]
[Black "Vangsgaard, Bjarke"]
[Result "0-1"]
[WhiteElo "1810"]
[BlackElo "1940"]
[EventDate "2018.04.25"]
[EventRounds "9"]
[EventCountry "Danmark"]
[WhiteFideId "1402714"]
[BlackFideId "1436570"]

1. c4 Nf6 2. Nc3 g6 3. e4 d6 4. d4 Bg7 5. f3 O-O 6. Be3 c5 7. d5 e6 8. Bd3 a6 9. a4 exd5 10. cxd5 Nbd7 11. Nge2 Ne5 12. Bc2 Rb8 13. a5 Nc4 14. Bc1 Nxa5 15. O-O Nc4 16. b3 Ne5 17. Bg5 b5 18. f4 Ned7 19. Qd2 Re8 20. Rae1 Qb6 21. Bh4 a5 22. h3 Qc7 23. e5 dxe5 24. fxe5 Rxe5 25. Bg3 b4 26. Bxe5 Qxe5 27. Na4 Qxd5 28. Qf4 Ba6 29. Rf2 Re8 30. Rd1 Qe5 31. Qxe5 Rxe5 32. Nf4 c4 33. Rfd2 Bh6 34. g3 Re3 35. Rxd7 Nxd7 36. Rxd7 Rxg3+ 37. Kf2 Bxf4 38. bxc4 Bxc4 39. Rd4 Be3+  0-1

[Event "Copenhagen Chess Challenge 2018"]
[Site "Ballerup"]
[Date "2018.04.28"]
[Round "7"]
[White "Sundin, Sven-Ingvar"]
[Black "Saravana, Vedant Kumar"]
[Result "1/2-1/2"]
[WhiteElo "1663"]
[BlackElo "1447"]
[EventDate "2018.04.25"]
[EventRounds "9"]
[EventCountry "Danmark"]
[WhiteFideId "1724517"]
[BlackFideId "45059730"]

1. e4 e5 2. Nf3 Nc6 3. Bb5 Nf6 4. d3 d6 5. h3 Bd7 6. O-O Be7 7. c3 a6 8. Ba4 O-O 9. Nbd2 b5 10. Bc2 h6 11. Re1 Nh7 12. Nf1 Ng5 13. Ng3 Nxf3+ 14. Qxf3 Bg5 15. Be3 Qf6 16. Qxf6 Bxf6 17. b4 Be6 18. Bb3 Nd8 19. Re2 Nb7 20. Bxe6 fxe6 21. a4 c6 22. Rea2 bxa4 23. Rxa4 a5 24. bxa5 Ra6 25. Bb6 Rfa8 26. Rb4 Nxa5 27. Bxa5 Rxa5 28. Rxa5 Rxa5 29. Rb6 Rc5 30. Ne2 Kf8 31. c4 Ke7 32. Nc1 Ra5 33. Rb1 Ra3 34. Kf1 Bg5 35. Ke2 Rc3 36. Nb3 Rc2+ 37. Ke1 Rc3 38. Ke2 Rc2+ 39. Ke1 Rc3 40. Ke2 Rc2+  1/2-1/2

[Event "Copenhagen Chess Challenge 2018"]
[Site "Ballerup"]
[Date "2018.04.28"]
[Round "7"]
[White "Hentley, Darryl"]
[Black "Sorensen, Bernhard W"]
[Result "0-1"]
[WhiteElo "1544"]
[BlackElo "1762"]
[EventDate "2018.04.25"]
[EventRounds "9"]
[EventCountry "Danmark"]
[WhiteFideId "16205650"]
[BlackFideId "1442074"]

1. d4 e6 2. Nf3 f5 3. e4 fxe4 4. Ne5 Nf6 5. Bg5 d6 6. Bxf6 Qxf6 7. Ng4 Qg5 8. Nd2 d5 9. c3 Bd6 10. g3 O-O 11. h4 Qf5 12. Bh3 Qf7 13. Qe2 b6 14. O-O-O Ba6 15. Qe3 Nd7 16. f3 exf3 17. Nh6+ gxh6 18. Bxe6 Kh8 19. Bxf7 Rxf7 20. Nxf3 Bxg3 21. Kb1 Bf4 22. Qe6 Raf8 23. Ne5 Nxe5 24. dxe5 Rf5 25. Qxd5 Bxe5 26. Qe6 Bg7 27. Rhg1 R5f7 28. Rg2 Bc8 29. Qe1 Bh3 30. Rgd2 Bg4 31. Rd8 Bxd1 32. Rxf8+ Bxf8 33. Qxd1 Bd6 34. Qh5 Kg7 35. Kc2 Rf2+ 36. Kb3 Rf4 37. a4 a5 38. Qe8 Rxh4 39. Qd7+ Kg6 40. Qe6+ Kg7 41. c4 Rf4 42. Kc2 Rf2+ 43. Kc3 Bb4+ 44. Kd4 Bc5+ 45. Kd5 Rd2+  0-1

[Event "Copenhagen Chess Challenge 2018"]
[Site "Ballerup"]
[Date "2018.04.29"]
[Round "8"]
[White "Danielsen, Henrik"]
[Black "Thybo, Jesper Sondergaard"]
[Result "1/2-1/2"]
[WhiteElo "2500"]
[BlackElo "2473"]
[EventDate "2018.04.25"]
[EventRounds "9"]
[EventCountry "Danmark"]
[WhiteFideId "1400185"]
[BlackFideId "1438832"]

1. d4 Nf6 2. Nf3 d5 3. c4 e6 4. Nc3 Bb4 5. Bg5 h6 6. Bxf6 Qxf6 7. cxd5 exd5 8. Qa4+ Nc6 9. e3 O-O 10. Be2 Rd8 11. O-O Bf8 12. Rac1 a6 13. Rfe1 Be6 14. Qb3 Na5 15. Qc2 c5 16. dxc5 Bxc5 17. a3 Ba7 18. b4 Nc6 19. b5 axb5 20. Nxb5 d4 21. exd4 Nxd4 22. Nfxd4 Bxd4 23. Bf3 Rac8 24. Qe2 Rxc1 25. Rxc1 b6 26. Nxd4 Qxd4 27. g3 Qd3 28. Rd1 Qxd1+ 29. Qxd1 Rxd1+ 30. Bxd1 Kf8 31. Kf1 Ke7  1/2-1/2

[Event "Copenhagen Chess Challenge 2018"]
[Site "Ballerup"]
[Date "2018.04.29"]
[Round "8"]
[White "Urkedal, Frode Olav Olsen"]
[Black "Hector, Jonny"]
[Result "1-0"]
[WhiteElo "2560"]
[BlackElo "2502"]
[EventDate "2018.04.25"]
[EventRounds "9"]
[EventCountry "Danmark"]
[WhiteFideId "1506102"]
[BlackFideId "1700090"]

1. c4 e5 2. g3 Nf6 3. Bg2 c6 4. Nf3 e4 5. Nd4 d5 6. cxd5 Qxd5 7. e3 Na6 8. Nc3 Qe5 9. O-O Bb4 10. Qc2 Bxc3 11. Qxc3 O-O 12. b3 Re8 13. Bb2 Bd7 14. f3 Nc5 15. Qc2 Qh5 16. g4 Qd5 17. fxe4 Rxe4 18. Rxf6 gxf6 19. h3 Rae8 20. b4 Na6 21. a3 c5 22. d3 Qg5 23. Bxe4 cxd4 24. Bxd4 f5 25. Bxb7 Nb8 26. Rf1 fxg4 27. hxg4 Bxg4 28. Qg2 Nd7 29. Bc6 Qg6 30. Be4 f5 31. Bxf5 Bxf5 32. Rxf5  1-0

[Event "Copenhagen Chess Challenge 2018"]
[Site "Ballerup"]
[Date "2018.04.29"]
[Round "8"]
[White "Sonis, Francesco"]
[Black "Bjerre, Jonas Buhl"]
[Result "1/2-1/2"]
[WhiteElo "2448"]
[BlackElo "2378"]
[EventDate "2018.04.25"]
[EventRounds "9"]
[EventCountry "Danmark"]
[WhiteFideId "895733"]
[BlackFideId "1444948"]

1. e4 c5 2. Nc3 Nc6 3. Nf3 e6 4. d4 cxd4 5. Nxd4 Qc7 6. f4 a6 7. Nxc6 Qxc6 8. Be2 b5 9. Bf3 Bb7 10. Be3 Rc8 11. Qd3 Qc4 12. a3 Qxd3 13. cxd3 Bc5 14. Bxc5 Rxc5 15. Kd2 Ne7 16. Rac1 Rc8 17. Ne2 d6 18. Rxc8+ Nxc8 19. Rc1 Kd7 20. Nd4 Ne7 21. e5 Bxf3 22. Nxf3 f6 23. exd6 Kxd6 24. Nd4 e5 25. fxe5+ fxe5 26. Nf3 Rc8 27. Re1 Nc6 28. Re4 Rc7 29. Ke3 g6 30. Kf2 Ke6 31. Re2 Kd5 32. Rc2 Rf7 33. Ke3 Nd4 34. Nxd4 exd4+ 35. Ke2 Re7+ 36. Kd2 Rf7 37. Ke1 Re7+ 38. Re2 Rc7 39. Kd2 Rf7 40. Ke1 Rc7 41. Kd1 Rf7 42. Kd2 Rf1 43. Re1 Rxe1 44. Kxe1 g5 45. Kf2 h5 46. Kf3 Ke5 47. b4 Kf5 48. g4+ hxg4+ 49. Kg3 Kf6 50. Kxg4 Kg6 51. Kf3 Kf5 52. h3 Ke5 53. Kg4 Kf6 54. h4 gxh4 55. Kxh4 Kf5 56. Kg3 Kg5 57. Kf3 Kf5  1/2-1/2

[Event "Copenhagen Chess Challenge 2018"]
[Site "Ballerup"]
[Date "2018.04.29"]
[Round "8"]
[White "Berg, Klaus"]
[Black "Percivaldi, Martin"]
[Result "0-1"]
[WhiteElo "2335"]
[BlackElo "2398"]
[EventDate "2018.04.25"]
[EventRounds "9"]
[EventCountry "Danmark"]
[WhiteFideId "1400053"]
[BlackFideId "1508148"]

1. c4 e5 2. e3 Nf6 3. Nc3 Bb4 4. Nge2 O-O 5. a3 Be7 6. d4 exd4 7. Nxd4 d5 8. cxd5 Nxd5 9. Be2 Nxc3 10. bxc3 a6 11. O-O c5 12. Nb3 Be6 13. a4 Qc7 14. Qc2 Nd7 15. e4 f5 16. exf5 Bxf5 17. Bd3 g6 18. Bxf5 Rxf5 19. Qe4 Bd6 20. h3 Nf6 21. Qc4+ Kh8 22. Bh6 Rh5 23. Bd2 Rf8 24. a5 Qc8 25. Rfe1 Rxh3 26. Re6 Rh4 27. Qxh4 Qxe6 28. c4 Ng4 29. Re1 Qxc4 30. Bh6 Bh2+ 31. Kh1 Nxf2+ 32. Qxf2 Rxf2 33. Re8+ Qg8 34. Rxg8+ Kxg8  0-1

[Event "Copenhagen Chess Challenge 2018"]
[Site "Ballerup"]
[Date "2018.04.29"]
[Round "8"]
[White "Boe Olsen, Filip"]
[Black "Haubro, Martin"]
[Result "1/2-1/2"]
[WhiteElo "2309"]
[BlackElo "2358"]
[EventDate "2018.04.25"]
[EventRounds "9"]
[EventCountry "Danmark"]
[WhiteFideId "1440640"]
[BlackFideId "1414291"]

1. d4 Nf6 2. c4 c5 3. d5 b5 4. cxb5 a6 5. bxa6 g6 6. Nc3 Bg7 7. e4 O-O 8. Nf3 Qa5 9. Bd2 d6 10. Be2 Bxa6 11. O-O Qb4 12. Bxa6 Nxa6 13. Qc2 Rfb8 14. Rab1 Qb7 15. a3 Qb3 16. Rfc1 Nd7 17. Bg5 Kf8 18. Qxb3 Rxb3 19. Nd2 Rb7 20. Nc4 Ne5 21. Na5 Rb6 22. Rd1 h6 23. Bf4 Nd7 24. Nc4 Rb3 25. Na5 Rb6 26. Rdc1 g5 27. Bg3 Rab8 28. Nc6 R8b7 29. Na5 Rb8 30. Nc6 R8b7 31. Na5  1/2-1/2

[Event "Copenhagen Chess Challenge 2018"]
[Site "Ballerup"]
[Date "2018.04.29"]
[Round "8"]
[White "Rostgaard, Tobias Valentin"]
[Black "Strange, Mikkel"]
[Result "1-0"]
[WhiteElo "2311"]
[BlackElo "2363"]
[EventDate "2018.04.25"]
[EventRounds "9"]
[EventCountry "Danmark"]
[WhiteFideId "1408801"]
[BlackFideId "1402765"]

1. Nf3 f5 2. d3 d6 3. e4 e5 4. Nc3 Nf6 5. exf5 Bxf5 6. d4 e4 7. Nh4 Bc8 8. Bg5 d5 9. Bxf6 Qxf6 10. Qh5+ g6 11. Nxd5 Qxd4 12. Nxg6 hxg6 13. Qxg6+ Kd8 14. Rd1 Qxb2 15. Nc3+ Ke7 16. Qg5+ Kf7 17. Bc4+ Be6 18. Qf5+ Kg7 19. Qe5+ Kh7 20. Bxe6  1-0

[Event "Copenhagen Chess Challenge 2018"]
[Site "Ballerup"]
[Date "2018.04.29"]
[Round "8"]
[White "Vesterli, Michael E"]
[Black "Fries Nielsen, Jens Ove"]
[Result "1-0"]
[WhiteElo "2149"]
[BlackElo "2358"]
[EventDate "2018.04.25"]
[EventRounds "9"]
[EventCountry "Danmark"]
[WhiteFideId "1417339"]
[BlackFideId "1400142"]

1. d4 d6 2. c4 b6 3. Nc3 Bb7 4. Nf3 Nd7 5. e3 Ngf6 6. Bd3 e6 7. O-O h6 8. Qc2 g5 9. Nd2 g4 10. b4 a5 11. bxa5 Rxa5 12. d5 Ne5 13. Nb3 Nh5 14. Be4 Rg8 15. Nxa5 Qh4 16. f4 gxf3 17. Bxf3 bxa5 18. Rb1 Bc8 19. Qe2 Nf6 20. Rb8 Kd8 21. dxe6 fxe6 22. Bb7 Nfg4 23. Rxc8+ Kd7 24. h3 Qg3 25. hxg4 Nxg4 26. Rf7+ Be7 27. Qf3 Qe1+ 28. Qf1 Qh4 29. Qd1 Rxc8 30. Qa4+ Kd8 31. Bxc8 Kxc8 32. Qe8+ Bd8 33. Qxe6+ Kb8 34. Bd2 Qh2+ 35. Kf1 Qh1+ 36. Ke2 Qxg2+ 37. Kd1 Ne5 38. Rf8 Ka7 39. Nb5+ Kb6 40. Rxd8  1-0

[Event "Copenhagen Chess Challenge 2018"]
[Site "Ballerup"]
[Date "2018.04.29"]
[Round "8"]
[White "Kristensen, Kaare Hove"]
[Black "Pajeken, Wolfgang"]
[Result "1-0"]
[WhiteElo "2313"]
[BlackElo "2243"]
[EventDate "2018.04.25"]
[EventRounds "9"]
[EventCountry "Danmark"]
[WhiteFideId "1400940"]
[BlackFideId "4622170"]

1. d4 Nf6 2. c4 e6 3. Nc3 Bb4 4. f3 c5 5. d5 exd5 6. cxd5 d6 7. e4 O-O 8. Bd3 a6 9. Nge2 b5 10. Be3 Nbd7 11. a3 Ba5 12. b4 Bb6 13. Qd2 Re8 14. O-O Bb7 15. Bf2 Ne5 16. Kh1 Nxd3 17. Qxd3 Nd7 18. Bg3 Ne5 19. Bxe5 Rxe5 20. Ng3 c4 21. Qd2 Bc8 22. f4 Re8 23. Rae1 Ra7 24. e5 Rae7 25. Nge4 dxe5 26. d6 Re6 27. f5 Rh6 28. f6 Be6 29. Nd5 Bxd5 30. Qxd5 gxf6 31. d7 Re6 32. Nc5 f5 33. h3 Bxc5 34. bxc5 f4 35. c6 Rxc6 36. Rxe5 Rhe6 37. Qxc6 Rxc6 38. Re8+ Kg7 39. Rxd8 Rd6 40. a4  1-0

[Event "Copenhagen Chess Challenge 2018"]
[Site "Ballerup"]
[Date "2018.04.29"]
[Round "8"]
[White "Adinolfi, Vincenzo"]
[Black "Genov, Petar"]
[Result "0-1"]
[WhiteElo "2053"]
[BlackElo "2435"]
[EventDate "2018.04.25"]
[EventRounds "9"]
[EventCountry "Danmark"]
[WhiteFideId "805556"]
[BlackFideId "2900211"]

1. d4 Nf6 2. c4 e6 3. Nf3 b6 4. Nc3 Bb7 5. e3 Bb4 6. Bd2 O-O 7. Bd3 d5 8. Qc2 dxc4 9. Bxc4 Nbd7 10. a3 Be7 11. O-O c5 12. dxc5 Rc8 13. b4 bxc5 14. b5 Qc7 15. Be2 Rfd8 16. e4 c4 17. Bg5 Nc5 18. Nd2 Nb3 19. Ra2 Nd4 20. Qb1 Nxe2+ 21. Nxe2 c3 22. Bxf6 Bxf6 23. Nb3 c2  0-1

[Event "Copenhagen Chess Challenge 2018"]
[Site "Ballerup"]
[Date "2018.04.29"]
[Round "8"]
[White "Brynell, Stellan"]
[Black "Laustsen, Lars"]
[Result "1-0"]
[WhiteElo "2420"]
[BlackElo "2205"]
[EventDate "2018.04.25"]
[EventRounds "9"]
[EventCountry "Danmark"]
[WhiteFideId "1700219"]
[BlackFideId "1407554"]

1. e4 c5 2. Nf3 d6 3. Bb5+ Bd7 4. Bxd7+ Qxd7 5. O-O Nf6 6. Re1 Nc6 7. c3 e6 8. d4 cxd4 9. cxd4 d5 10. e5 Ne4 11. a3 Be7 12. Nbd2 Nxd2 13. Bxd2 O-O 14. Rc1 Rfc8 15. Rc3 Bd8 16. Rd3 Ne7 17. Nh4 Ng6 18. Nxg6 fxg6 19. Qg4 Be7 20. h4 Rf8 21. h5 gxh5 22. Qxh5 Rf5 23. Qg4 Rc8 24. Rc1 Rc4 25. Rg3 Bf8 26. Rxc4 dxc4 27. Qe4 Qd5 28. Qxd5 exd5 29. f4 Be7 30. Rh3 h5 31. Kf2 g6 32. Kf3 Bd8 33. g4 hxg4+ 34. Kxg4 Bb6 35. Bc3 Kg7 36. Re3 Bc7 37. a4 Rf8 38. Bb4 Rf7 39. Rf3 a5 40. Bc5 b6 41. Ba3 Rf5 42. b3  1-0

[Event "Copenhagen Chess Challenge 2018"]
[Site "Ballerup"]
[Date "2018.04.29"]
[Round "8"]
[White "Hoi, Carsten"]
[Black "Hobber, Anders"]
[Result "1/2-1/2"]
[WhiteElo "2374"]
[BlackElo "2268"]
[EventDate "2018.04.25"]
[EventRounds "9"]
[EventCountry "Danmark"]
[WhiteFideId "1400100"]
[BlackFideId "1505424"]

1. d4 d5 2. c4 c6 3. Nf3 Nf6 4. Nc3 a6 5. cxd5 cxd5 6. Bg5 e6 7. e3 Be7 8. Bd3 O-O 9. O-O b5 10. Ne5 Bb7 11. Bxf6 Bxf6 12. f4 Nd7 13. Qg4 g6 14. a3 Bg7 15. h4 Nf6 16. Qf3 Ne4 17. Nxe4 dxe4 18. Bxe4 Bxe4 19. Qxe4 Qxh4 20. Rac1 Bxe5 21. Qxe5 Rad8 22. Rc5 Rd7 23. Rfc1 Qg3 24. Qe4 Rfd8 25. Rg5 Qh4 26. Qf3 Rd5 27. Re5 Kg7 28. Rc7 R8d7 29. Rxd7 Rxd7 30. Rc5 Qe1+ 31. Kh2 Qh4+ 32. Kg1 Qe1+ 33. Kh2 Qh4+ 34. Kg1  1/2-1/2

[Event "Copenhagen Chess Challenge 2018"]
[Site "Ballerup"]
[Date "2018.04.29"]
[Round "8"]
[White "Jacobsen, Mikkel Manosri"]
[Black "Matthiesen, Martin"]
[Result "1-0"]
[WhiteElo "2172"]
[BlackElo "2330"]
[EventDate "2018.04.25"]
[EventRounds "9"]
[EventCountry "Danmark"]
[WhiteFideId "1444514"]
[BlackFideId "1404067"]

1. c4 Nf6 2. Nc3 e5 3. g3 d5 4. cxd5 Nxd5 5. Bg2 Nb6 6. Nf3 Nc6 7. d3 Be7 8. a3 Be6 9. b4 a5 10. b5 Nd4 11. O-O Nb3 12. Rb1 a4 13. Nxa4 Nxa4 14. Rxb3 Bxb3 15. Qxb3 Qd6 16. Nd2 O-O 17. Nc4 Qe6 18. Be3 Rfb8 19. f4 Bc5 20. Bxc5 Nxc5 21. Qb4 Nd7 22. f5 Qf6 23. a4 c5 24. Qa3 Nb6 25. a5 Nxc4 26. dxc4 e4 27. Qxc5 Rxa5 28. Bxe4 b6 29. Qf2 Ra2 30. Bd5 Re8 31. Re1 Re5 32. Qf4 Qxf5 33. e4 Qh5 34. g4 Qg6 35. Qxe5 Qxg4+ 36. Qg3  1-0

[Event "Copenhagen Chess Challenge 2018"]
[Site "Ballerup"]
[Date "2018.04.29"]
[Round "8"]
[White "Moe, Mogens"]
[Black "Mikalsen, Erlend"]
[Result "0-1"]
[WhiteElo "2233"]
[BlackElo "2307"]
[EventDate "2018.04.25"]
[EventRounds "9"]
[EventCountry "Danmark"]
[WhiteFideId "1400550"]
[BlackFideId "1507338"]

1. e4 c5 2. Nf3 d6 3. d4 cxd4 4. Nxd4 Nf6 5. Nc3 Nc6 6. Be3 Ng4 7. Bb5 Nxe3 8. Nxc6 Nxg2+ 9. Kf1 bxc6 10. Bxc6+ Bd7 11. Bxa8 Nf4 12. Nd5 Bb5+ 13. Kg1 e6 14. Nxf4 Qxa8 15. Qe1 Be7 16. h4 Bc6 17. f3 Qb8 18. Nd3 O-O 19. Rh2 f5 20. exf5 e5 21. Qe3 Rxf5 22. Rf1 Bd8 23. Kg2 Bb6 24. Qe2 Qf8 25. Nb4 Bb7 26. c4 e4 27. Nd5 Bxd5 28. cxd5 e3 29. Rd1 Qf6 30. Rd3 Qg6+ 31. Kh1 Qg3 32. Rxe3 Bxe3 33. Qxe3 Re5  0-1

[Event "Copenhagen Chess Challenge 2018"]
[Site "Ballerup"]
[Date "2018.04.29"]
[Round "8"]
[White "Boe, Mads"]
[Black "Rishovd, Svein"]
[Result "1-0"]
[WhiteElo "2301"]
[BlackElo "2110"]
[EventDate "2018.04.25"]
[EventRounds "9"]
[EventCountry "Danmark"]
[WhiteFideId "1401408"]
[BlackFideId "1513060"]

1. d4 d5 2. Nf3 Nf6 3. Bf4 c5 4. c3 Nc6 5. e3 Qb6 6. Qb3 c4 7. Qc2 Bf5 8. Qc1 e6 9. Nbd2 Be7 10. Be2 h6 11. h3 Qd8 12. O-O b5 13. Bd1 g5 14. Bg3 Bd3 15. Re1 Ne4 16. Bh2 Bd6 17. Bxd6 Qxd6 18. Bc2 Bxc2 19. Qxc2 f5 20. Nxe4 fxe4 21. Nh2 Kd7 22. a4 b4 23. b3 cxb3 24. Qxb3 Na5 25. Qxb4 Qxb4 26. cxb4 Nc4 27. f3 exf3 28. Nxf3 Kd6 29. e4 Rab8 30. b5 a6 31. exd5 exd5 32. Ne5 Nxe5 33. Rxe5 axb5 34. axb5 Rxb5 35. Ra6+ Kc7 36. Kh2 g4 37. hxg4 Rb4 38. Rxd5 Rg8 39. Kh3 Rb3+ 40. Kh4 Rb1 41. Rf5 Kb7 42. Re6 h5 43. g5 Rh1+ 44. Kg3 h4+ 45. Kf2 Rc8 46. Rf7+ Kb8 47. g6 h3 48. gxh3 Rc2+ 49. Kg3 Rg1+ 50. Kh4 Rc8 51. g7 Rg2 52. Ree7 Rd8 53. Rf8 Kc8 54. Rxd8+ Kxd8 55. Ra7  1-0

[Event "Copenhagen Chess Challenge 2018"]
[Site "Ballerup"]
[Date "2018.04.29"]
[Round "8"]
[White "Haugli, Petter"]
[Black "Shamima, Akter"]
[Result "1-0"]
[WhiteElo "2250"]
[BlackElo "2176"]
[EventDate "2018.04.25"]
[EventRounds "9"]
[EventCountry "Danmark"]
[WhiteFideId "1500104"]
[BlackFideId "10202587"]

1. c4 c6 2. d4 d5 3. cxd5 cxd5 4. Bf4 Nc6 5. e3 Nf6 6. Nc3 a6 7. Bd3 Bg4 8. Nge2 e6 9. O-O Be7 10. Rc1 O-O 11. Na4 Bh5 12. a3 Rc8 13. b4 b5 14. Nc5 Qb6 15. Qb3 Rfd8 16. Rc2 Bg6 17. Bxg6 hxg6 18. Bg5 Ne8 19. Bf4 Nd6 20. Bxd6 Bxd6 21. Rfc1 a5 22. Rb1 Rb8 23. Qd3 e5 24. Nc3 exd4 25. exd4 axb4 26. axb4 Be7 27. Ra2 Bf6 28. Ra6 Qc7 29. Nxb5 Qc8 30. g3 Qf5 31. Rxc6 Qxd3 32. Nxd3 Rxb5 33. Rc5 Rb6 34. Nf4 Bxd4 35. Rxd5 Rxd5 36. Nxd5 Rd6 37. Ne3 Rb6 38. Kf1 Kf8 39. Ke2 Ra6 40. Kd3 Bb6 41. Rb2 Ra1 42. Nc4 Bc7 43. b5 Rd1+ 44. Kc2 Rd5 45. b6 Bb8 46. Ra2 Ke7 47. Kc3 Kd7 48. Ra7+ Kc6 49. Rxf7 Rc5 50. Kd3 Rd5+ 51. Ke4 Rc5 52. Ne3 Kxb6 53. Rxg7 Re5+ 54. Kf3 Re6 55. Nd5+ Kc5 56. Nf4 Ra6 57. Rxg6 Ra3+ 58. Kg2 Be5 59. Rg4 Kd6 60. h4 Ra2 61. Nd3 Bf6 62. Rf4 Ke7 63. h5 Rd2 64. Rf3 Kf7 65. Ne5+ Kg7 66. Ng4 Bd4 67. Ne3 Bf6 68. g4 Bg5 69. Nf5+ Kh7 70. Ng3 Rd4 71. Kh3 Ra4 72. Rf7+ Kg8 73. Rf5 Be7 74. g5 Kg7 75. f4 Bd6 76. Kg4  1-0

[Event "Copenhagen Chess Challenge 2018"]
[Site "Ballerup"]
[Date "2018.04.29"]
[Round "8"]
[White "Pajeken, Jakob Leon"]
[Black "Stray, Gunnar"]
[Result "1/2-1/2"]
[WhiteElo "2152"]
[BlackElo "2042"]
[EventDate "2018.04.25"]
[EventRounds "9"]
[EventCountry "Danmark"]
[WhiteFideId "12942839"]
[BlackFideId "1501631"]

1. e4 c5 2. Nf3 e6 3. d4 cxd4 4. Nxd4 Bc5 5. Nc3 Qb6 6. Na4 Qa5+ 7. c3 Bxd4 8. Qxd4 Nf6 9. Nc5 Qc7 10. Be2 Nc6 11. Qe3 d5 12. exd5 Nxd5 13. Qg3 Qxg3 14. hxg3 Ke7 15. Bd2 b6 16. Nd3 Bb7 17. Bf3 Rad8 18. O-O-O Ba6 19. Nf4 Nxf4 20. Bxf4 Bb7 21. Rxd8 Nxd8 22. Bxb7 Nxb7 23. Kc2 h6 24. Rd1 Rd8 25. Rxd8 Kxd8 26. c4 h5 27. Kc3 f6 28. b4 a6 29. a4 Kd7 30. f3 Nd8 31. Be3 Kc7  1/2-1/2

[Event "Copenhagen Chess Challenge 2018"]
[Site "Ballerup"]
[Date "2018.04.29"]
[Round "8"]
[White "Eriksson, Christian Altenburg"]
[Black "Thorsbro, Peter"]
[Result "1/2-1/2"]
[WhiteElo "2136"]
[BlackElo "2144"]
[EventDate "2018.04.25"]
[EventRounds "9"]
[EventCountry "Danmark"]
[WhiteFideId "1412159"]
[BlackFideId "1406671"]

1. e4 e5 2. Nf3 Nc6 3. d4 exd4 4. Nxd4 Bb4+ 5. Nc3 Nf6 6. Nxc6 bxc6 7. Bd3 d5 8. exd5 O-O 9. O-O cxd5 10. h3 c6 11. Qf3 Rb8 12. Bf4 Bd6 13. b3 Qc7 14. Bxd6 Qxd6 15. Rfe1 Rb7 16. Qg3 Qxg3 17. fxg3 Re8 18. Rxe8+ Nxe8 19. Ne2 Nd6 20. Rd1 Re7 21. Nd4 Bd7 22. b4 g6 23. Kf2 Kf8 24. Re1 Rxe1 25. Kxe1 Ke7 26. Ke2 f6 27. Ke3 Nf7 28. Nb3 Kd6 29. Kd4 Ne5 30. Nc5 Bc8 31. a3 Nxd3 32. cxd3 h5 33. Nb3 g5 34. Nd2 a5 35. h4 axb4 36. axb4 Ke6 37. Ke3 gxh4 38. gxh4 Kf5 39. g3 Kg4 40. Kf2 Ba6 41. d4 Bb5 42. Nf3 Ba4 43. Nh2+ Kh3 44. Nf1 Bd1 45. Ne3 Bg4 46. Ng2 Bf5 47. b5 cxb5 48. Nf4+ Kg4 49. Nxd5 Bg6 50. Nxf6+ Kf5 51. Nd5 Bf7 52. Nb4 Ke4 53. d5 Bxd5 54. g4 hxg4 55. h5 Be6 56. Kg3 Kf5 57. Nc6 Kg5 58. Nd4 Bd7 59. h6  1/2-1/2

[Event "Copenhagen Chess Challenge 2018"]
[Site "Ballerup"]
[Date "2018.04.29"]
[Round "8"]
[White "Petersen, Flemming Petri"]
[Black "Pakmor, Claus"]
[Result "1-0"]
[WhiteElo "2078"]
[BlackElo "2010"]
[EventDate "2018.04.25"]
[EventRounds "9"]
[EventCountry "Danmark"]
[WhiteFideId "1402617"]
[BlackFideId "1431609"]

1. e4 e5 2. d4 exd4 3. Qxd4 Nc6 4. Qe3 g6 5. Bd2 Bg7 6. Nc3 d6 7. O-O-O Nge7 8. f4 Bg4 9. Nf3 a6 10. Nd5 Qd7 11. Bc3 Bxc3 12. Qxc3 O-O-O 13. Nf6 Qe6 14. Ng5 Qxa2 15. Nxg4 d5 16. Qa3 Qxa3 17. bxa3 dxe4 18. Nxf7 Rxd1+ 19. Kxd1 Rf8 20. Bc4 b5 21. Be6+ Kb7 22. c3 Nd8 23. Nxd8+ Rxd8+ 24. Kc2 Rd6 25. Ba2 h5 26. Ne3 Rd3 27. Re1  1-0

[Event "Copenhagen Chess Challenge 2018"]
[Site "Ballerup"]
[Date "2018.04.29"]
[Round "8"]
[White "Brondt, Nicolai Kvist"]
[Black "Hansen, Rune"]
[Result "1-0"]
[WhiteElo "2179"]
[BlackElo "1967"]
[EventDate "2018.04.25"]
[EventRounds "9"]
[EventCountry "Danmark"]
[WhiteFideId "1413848"]
[BlackFideId "1500970"]

1. d4 Nf6 2. Nf3 e6 3. c4 b6 4. g3 Bb7 5. Bg2 Be7 6. O-O d6 7. Nc3 O-O 8. Qc2 Nbd7 9. Rd1 c6 10. Bg5 Rc8 11. Rac1 h6 12. Bxf6 Nxf6 13. e4 d5 14. e5 Nd7 15. cxd5 cxd5 16. Bf1 Nb8 17. Bd3 Bg5 18. Nxg5 Qxg5 19. h4 Qe7 20. Qe2 a6 21. Bb1 f5 22. exf6 Qxf6 23. f4 Nc6 24. Qe3 Rce8 25. Na4 e5 26. fxe5 Nxe5 27. dxe5 Rxe5 28. Qf4 Qd6 29. Qg4 Re3 30. Rc3 Rff3 31. Rxe3 Rxe3 32. Kh2 Qe5 33. Nc3 d4 34. Rxd4 Qf6 35. Qf4 Qe7 36. Rd8+ Qxd8 37. Qxe3 Qd7 38. Bg6 Bc6 39. Qf4 Qd8 40. Qc4+ Kh8 41. Qxc6  1-0

[Event "Copenhagen Chess Challenge 2018"]
[Site "Ballerup"]
[Date "2018.04.29"]
[Round "8"]
[White "Liu, Casper Yukun"]
[Black "Jorgensen, Dennis"]
[Result "0-1"]
[WhiteElo "1898"]
[BlackElo "2164"]
[EventDate "2018.04.25"]
[EventRounds "9"]
[EventCountry "Danmark"]
[WhiteFideId "1454153"]
[BlackFideId "1408380"]

1. d4 Nf6 2. Bf4 g6 3. Nc3 d6 4. e4 Bg7 5. Nf3 O-O 6. Qd2 Bg4 7. O-O-O Nbd7 8. Qe3 Re8 9. e5 Nh5 10. Bc4 Nb6 11. Bd3 Nxf4 12. Qxf4 Bxf3 13. gxf3 Qc8 14. h4 dxe5 15. dxe5 Qe6 16. Rde1 Rad8 17. h5 c5 18. hxg6 hxg6 19. Ne4 Nd5 20. Qh4 Qxe5  0-1